000 00592nam a2200217 a 4500
001 51711
003 BD-RjUL
005 20211209075713.0
008 160901s1965 nju 001 0 eng d
035 _a(BD-RjUL) 51831
040 _aBD-RjUL
_beng
_cBD-RjUL
_dBD-RjUL
041 _aeng
082 _223
_a519.54
_bDES 1965
100 1 _aDeutsch, Ralph
_9154598
245 1 0 _aEstimation theory /
_cRalph Deutsch
260 _aEnglewood Cliffs :
_bPrentice-Hall,
_c1965
300 _ax, 269 p. ;
_c23 cm.
500 _aIncludes index
650 0 _aEstimation theory.
_9153171
942 _2ddc
_cBK
999 _c51711
_d51711